| 000 | 00885nam a2200217Ii 4500 | ||
|---|---|---|---|
| 003 | JO-AjNU | ||
| 008 | 230605s9999||||xx |||||||||||||| ||und|| | ||
| 017 | _a2005/8/2015 | ||
| 040 |
_aJO-AjNU _bara _erda _cJO-AjNU |
||
| 041 | _aara | ||
| 050 | 1 | 4 | _aPJ6690.D3682 2006 |
| 100 | 3 |
_aالزعبي، آمنة صالح , _eauthor _946084 |
|
| 245 | 0 | 0 | _aاللهجة العربية الثمودية: دراسة تاريخية مقارنة في الأصوات والأبنية والدلالات في ضوء الفصحى واللغات السامية |
| 250 | _aط1 | ||
| 264 | 3 | 1 | _aعمان: جدارا للكتاب العالمي، 2006 ؛ إربد: عالم الكتب الحديث، 2006 |
| 300 | _a376ص | ||
| 336 |
_atext _btxt _2rdacontent |
||
| 337 |
_aunmediated _bn _2rdamedia |
||
| 338 |
_avolume _bnc _2rdacarrier |
||
| 650 | 4 |
_aاللغة العربية - لهجات _946085 |
|
| 999 |
_aA20023 _c23591 _d23591 |
||